00405nam a22001337a 450000500170000000800410001704100120005808200120007010000120008224500690009426000520016330000310021565000250024620240805103503.0240805b |||||||| |||| 00| 0 eng d aEnglish a349 SOU lEnglish aSouth African Law Reports: Orange Free State Provincial Division aCape Town: bJuta and Company Ltd, c1911-1912  bxvii, 128 pages; c25 cm.  aLegal practice bLaw